Actors Most Popular Movie - Statistics

General Stats
  • This quiz has been taken 14 times
  • The average score is 47 of 212
Answer Stats
Actor Movie Year % Correct
Sylvester Stallone Rocky 1976
91%
Harrison Ford Raiders of the Lost Ark 1981
73%
Andrew Garfield The Amazing Spider-Man 2012
73%
Robert Pattinson Twilight 2008
73%
Natalie Portman Black Swan 2010
64%
Rami Malek Bohemian Rhapsody 2018
64%
Russell Crowe Gladiator 2000
64%
Will Smith Men in Black 1997
64%
Tobey Maguire Spider-Man 2002
64%
Christian Bale The Dark Knight 2008
64%
Jennifer Lawrence The Hunger Games 2012
64%
Kate Winslet Titanic 1997
64%
Zoe Saldaña Avatar 2009
55%
Bruce Willis Die Hard 1988
55%
Tom Hanks Forrest Gump 1994
55%
Macaulay Culkin Home Alone 1990
55%
Joaquin Phoenix Joker 2019
55%
Cillian Murphy Oppenheimer 2023
55%
Julia Roberts Pretty Woman 1990
55%
Paul Walker The Fast and the Furious 2001
55%
Elijah Wood The Lord of the Rings: The Fellowship of the Ring 2001
55%
Keanu Reeves The Matrix 1999
55%
Tom Cruise Top Gun 1986
55%
Margot Robbie Barbie 2023
45%
Kevin Costner Dances with Wolves 1990
45%
Ryan Reynolds Deadpool 2016
45%
Benedict Cumberbatch Doctor Strange 2016
45%
Zac Efron High School Musical 2006
45%
Elliot Page Juno 2007
45%
Emma Stone La La Land 2016
45%
Hugh Jackman Logan 2017
45%
Samuel L. Jackson Pulp Fiction 1994
45%
Willem Dafoe Spider-Man 2002
45%
Robert De Niro Taxi Driver 1976
45%
Mark Ruffalo The Avengers 2012
45%
Anthony Hopkins The Silence of the Lambs 1991
45%
Arnold Schwarzenegger The Terminator 1984
45%
J.K. Simmons Whiplash 2014
45%
Gal Gadot Wonder Woman 2017
45%
Jason Mamoa Aquaman 2018
36%
Bradley Cooper A Star Is Born 2018
36%
Drew Barrymore E.T. the Extra-Terrestrial 1982
36%
Edward Norton Fight Club 1999
36%
Brad Pitt Fight Club 1999
36%
Bill Skarsgård It 2017
36%
Angelina Jolie Mr. & Mrs. Smith 2005
36%
Heath Ledger The Dark Knight 2008
36%
Anne Hathaway The Devil Wears Prada 2006
36%
Vin Diesel The Fast and the Furious 2001
36%
Morgan Freeman The Shawshank Redemption 1994
36%
Jesse Eisenberg The Social Network 2010
36%
Chris Hemsworth Thor 2011
36%
Megan Fox Transformers 2007
36%
Ben Stiller Zoolander 2001
36%
Kevin Spacey American Beauty 1999
27%
Paul Rudd Ant-Man 2015
27%
John Krasinski A Quiet Place 2018
27%
Michael Keaton Batman 1989
27%
Chadwick Boseman Black Panther 2018
27%
Scarlet Johansson Black Widow 2021
27%
Chris Evans Captain America: The First Avenger 2011
27%
Brie Larson Captain Marvel 2019
27%
Timothée Chalamet Dune 2021
27%
Kevin Bacon Footloose 1984
27%
Daniel Kaluuya Get Out 2017
27%
Chris Pratt Guardians of the Galaxy 2014
27%
Jon Favreau Iron Man 2008
27%
Robert Downey Jr. Iron Man 2008
27%
Channing Tatum Magic Mike 2012
27%
Henry Cavill Man of Steel 2013
27%
Robin Williams Mrs. Doubtfire 1993
27%
Hugh Grant Notting Hill 1999
27%
George Clooney Ocean's Eleven 2001
27%
Jamie Foxx Ray 2004
27%
John Travolta Saturday Night Fever 1977
27%
Al Pacino Scarface 1983
27%
Gwyneth Paltrow Shakespeare in Love 1998
27%
Zendaya Spider-Man: No Way Home 2021
27%
Jeremy Renner The Avengers 2012
27%
Mark Wahlberg The Departed 2006
27%
Emily Blunt The Devil Wears Prada 2006
27%
Jim Carrey The Mask 1994
27%
Daniel Day-Lewis There Will Be Blood 2007
27%
Jude Law The Talented Mr. Ripley 1999
27%
Tom Hiddleston Thor 2011
27%
Val Kilmer Top Gun 1986
27%
Taylor Lautner Twilight 2008
27%
Miles Teller Whiplash 2014
27%
Patrick Stewart X-Men 2000
27%
Paul Bettany Avengers: Infinity War 2018
18%
Josh Brolin Avengers: Infinity War 2018
18%
Michael B. Jordan Black Panther 2018
18%
David Harbour Black Widow 2021
18%
Anthony Mackie Captain America: The Winter Soldier 2014
18%
Sebastian Stan Captain America: The Winter Soldier 2014
18%
Larry the Cable Guy Cars 2006
18%
Jared Leto Dallas Buyers Club 2013
18%
Matthew McConaughey Dallas Buyers Club 2013
18%
Millie Bobby Brown Enola Holmes 2020
18%
Salma Hayek Frida 2002
18%
Ben Affleck Good Will Hunting 1997
18%
Matt Damon Good Will Hunting 1997
18%
Chris Rock Grown Ups 2010
18%
Dave Bautista Guardians of the Galaxy 2014
18%
Daniel Radcliffe Harry Potter and the Sorcerer’s Stone 2004
18%
Lindsay Lohan Mean Girls 2004
18%
Florence Pugh Midsommar 2019
18%
Halle Berry Monster's Ball 2001
18%
Jack Black School of Rock 2003
18%
Tom Holland Spider-Man: Homecoming 2017
18%
Mark Hamill Star Wars: A New Hope 1977
18%
Adam Driver Star Wars: The Force Awakens 2015
18%
Daisy Ridley Star Wars: The Force Awakens 2015
18%
Ewan McGregor Star Wars: The Phantom Menace 1999
18%
Jonah Hill Superbad 2007
18%
Liam Neeson Taken 2008
18%
Jeff Bridges The Big Lebowski 1998
18%
Ezra Miller The Flash 2023
18%
Clint Eastwood The Good, the Bad and the Ugly 1966
18%
Will Arnett The LEGO Movie 2014
18%
Dylan O'Brien The Maze Runner 2014
18%
Brendan Fraser The Mummy 1999
18%
Paul Dano There Will Be Blood 2007
18%
Jack Nicholson The Shining 1980
18%
Sadie Sink The Whale 2022
18%
Denzel Washington Training Day 2001
18%
Shia LeBeouf Transformers 2007
18%
Hailee Steinfeld True Grit 2010
18%
Tom Hardy Venom 2018
18%
James Franco 127 Hours 2010
9%
Will Ferrell Anchorman: The Legend of Ron Burgundy 2004
9%
Danny DeVito Batman Returns 1992
9%
Eddie Murphy Beverly Hills Cop 1984
9%
Cameron Boyce Descendants 2015
9%
Elizabeth Olsen Doctor Strange in the Multiverse of Madness 2022
9%
Jake Gyllenhaal Donnie Darko 2001
9%
Cate Blanchett Elizabeth 1998
9%
Adam Sandler Happy Gilmore 1996
9%
Emma Watson Harry Potter and the Sorcerer’s Stone 2001
9%
Finn Wolfhard It 2017
9%
Kevin Hart Jumanji: Welcome to the Jungle 2017
9%
Jennifer Aniston Marley & Me 2008
9%
Guy Pearce Memento 2000
9%
Kevin James Paul Blart: Mall Cop 2009
9%
Jackie Chan Rush Hour 1998
9%
Jenna Ortega Scream 2022
9%
Emma Roberts Scream 4 2011
9%
Simu Liu Shang-Chi and the Legend of the Ten Rings 2021
9%
Mike Myers Shrek 2001
9%
James McAvoy Split 2016
9%
Hayden Christensen Star Wars: Attack of the Clones 2002
9%
Michael Cera Superbad 2007
9%
Brandon Routh Superman Returns 2006
9%
Steve Carell The 40-Year-Old Virgin 2005
9%
Sandra Bullock The Blind Side 2009
9%
Michael Cane The Dark Knight 2008
9%
Christopher Walken The Deer Hunter 1978
9%
Zach Galifianakis The Hangover 2009
9%
Andy Serkis The Lord of the Rings: The Two Towers 2002
9%
Tim Allen The Santa Claus 1994
9%
John Cena The Suicide Squad 2021
9%
Jon Bernthal The Wolf of Wall Street 2013
9%
Ethan Hawke Training Day 2001
9%
Michael Douglas Wall Street 1987
9%
Owen Wilson Wedding Crashers 2005
9%
Evan Peters X-Men: Days of Future Past 2014
9%
Woody Harrelson Zombieland 2009
9%
Michael Peña Ant-Man 2015
0%
Bryan Cranston Argo 2012
0%
Kevin Conroy Batman: Mask of the Phantasm 1993
0%
Michelle Pfeiffer Batman Returns 1992
0%
Rob Schneider Deuce Bigalow: Male Gigolo 1999
0%
Tyler Perry Diary of a Mad Black Woman 2005
0%
Zachary Gordon Diary of a Wimpy Kid 2010
0%
Kurt Russell Escape from New York 1981
0%
Oscar Isaac Ex Machina 2014
0%
Tyrese Gibson Fast & Furious 2001
0%
Dwayne Johnson Fast & Furious 7 2015
0%
Cole Sprouse Five Feet Apart 2019
0%
Michael Sheen Frost/Nixon 2008
0%
Michael Rooker Guardians of the Galaxy 2014
0%
Jason Sudeikis Horrible Bosses 2011
0%
Don Cheadle Hotel Rwanda 2004
0%
Leonardo DiCaprio Inception 1997
0%
Bill Hader It: Chapter Two 2019
0%
Charlie Day It’s Always Sunny in Philadelphia 2005
0%
Aaron Taylor-Johnson Kick-Ass 2010
0%
Idris Elba Mandela: Long Walk to Freedom 2013
0%
Nicolas Cage National Treasure 2004
0%
Aaron Paul Need for Speed 2014
0%
Mia Goth Pearl 2022
0%
Seth Rogen Pineapple Express 2008
0%
Danny McBride Pineapple Express 2008
0%
Johnny Depp Pirates of the Caribbean:The Curse of the Black Pearl 2003
0%
Andy Samberg Popstar: Never Stop Never Stopping 2016
0%
Jacob Tremblay Room 2015
0%
Zachary Levi Shazam! 2019
0%
Nathan Fillion Slither 2006
0%
Donald Glover Solo: A Star Wars Story 2018
0%
John C. Reilly Step Brothers 2008
0%
Christopher Reeve Superman: The Movie 1978
0%
Seth MacFarlane Ted 2012
0%
Alan Ritchson Teenage Mutant Ninja Turtles 2014
0%
Blake Lively The Age of Adaline 2015
0%
Ashton Kutcher The Butterfly Effect 2004
0%
Will Pouler The Chronicles of Narnia 2010
0%
Pedro Pascal The Equalizer 2 2018
0%
Ed Helms The Hangover 2009
0%
Jason Statham The Transporter 2002
0%
Charlie Cox The Trial of the Chicago 7 2020
0%
David Spade Tommy Boy 1995
0%
Jeffrey Dean Morgan Watchmen 2009
0%
No matching quizzes found
Score Distribution
Percent of People with Each Score
Percentile by Number Answered
Your Score History
You have not taken this quiz